| 000 | 00682nam a2200229 a 4500 | ||
|---|---|---|---|
| 999 |
_c597 _d597 |
||
| 008 | 190924r20102011ii a|||g |||| 00| 0 eng d | ||
| 020 |
_a9780070144958 _cRs. 245.00 |
||
| 040 |
_aKO _beng |
||
| 041 | 0 | _aeng | |
| 044 | _aii | ||
| 082 |
_223 _a658 _bK8377 |
||
| 100 | 1 | _aKoontz, Harold | |
| 245 |
_aEssentials of Management : _bAn International Perspective / _cHarold Koontz, Heinz Weihrich |
||
| 250 | _a8th ed. | ||
| 260 |
_aNew Delhi : _bTata McGraw Hill Education Private Limited, _c2010, reprint 2011 |
||
| 300 |
_axxxii, 464 p. : _bill. ; _c24 cm. |
||
| 650 | 0 |
_aManagement _vTextbooks |
|
| 700 | 1 |
_aWeihrich, Heinz _eaut |
|
| 904 | _aS_JOY | ||
| 942 |
_2ddc _cBK |
||